000 00237nam a2200097Ia 4500
001 674113
005 20250826160916.0
008 250824s9999 xx 000 0 und d
245 0 _aBİN MUHTEŞEM GÜNEL
_cKHALED HOSSEINI
260 _bEVEREST
999 _c674113
_d674113